[Event "TUR Cup"]
[Site "Antalya"]
[Date "2020.02.01"]
[Round "10"]
[White "Avanoglu, Nurulllah"]
[Black "Kecili, Mustafa Firat"]
[Result "1-0"]
[WhiteElo "1569"]
[BlackElo "1673"]
[PlyCount "105"]
[EventDate "2020.01.26"]
[EventType "swiss"]
[EventRounds "11"]
[EventCountry "TUR"]
[SourceTitle "CBM 194 Extra"]
[Source "ChessBase"]
[SourceDate "2020.03.31"]
[SourceVersion "1"]
[SourceVersionDate "2020.03.31"]
[SourceQuality "1"]

1. e4 c5 2. Nf3 e6 3. d4 cxd4 4. Nxd4 a6 5. c4 Nf6 6. Nc3 Qc7 7. Be3 Nc6 8. a3 Be7 9. Bd3 0-0 10. Nxc6 bxc6 11. c5 d5 12. exd5 cxd5 13. b4 Qe5 14. Ne2 Qh5 15. h3 e5 16. Ng3 Qxd1+ 17. Rxd1 g6 18. f3 Bd7 19. 0-0 Bc6 20. Rfe1 Nd7 21. Ne2 f5 22. f4 Ba4 23. Rd2 Rfd8 24. fxe5 Nxe5 25. Nd4 Nxd3 26. Rxd3 a5 27. Bf4 Re8 28. Rde3 Kf7 29. Ne6 Bf6 30. Nc7 Rxe3 31. Rxe3 Rd8 32. Rd3 axb4 33. axb4 d4 34. Ra3 Bc2 35. Kf1 Be4 36. b5 d3 37. Bd6 Be7 38. Ra6 Bf6 39. Ra7 Bxg2+ 40. Kf2 Bd4+ 41. Kxg2 Rxd6 42. Nd5+ Ke6 43. Nf4+ Kf6 44. Nxd3 Re6 45. b6 Bxc5 46. Nxc5 Re2+ 47. Kf3 Rb2 48. b7 g5 49. b8Q g4+ 50. hxg4 fxg4+ 51. Kxg4 h5+ 52. Kh4 Rxb8 53. Nd7+ 1-0

[Event "TUR Cup"]
[Site "Antalya"]
[Date "2020.01.29"]
[Round "5"]
[White "Kecili, Mustafa Firat"]
[Black "Saglam, Baver"]
[Result "1-0"]
[WhiteElo "1673"]
[BlackElo "1364"]
[PlyCount "101"]
[EventDate "2020.01.26"]
[EventType "swiss"]
[EventRounds "11"]
[EventCountry "TUR"]
[SourceTitle "CBM 194 Extra"]
[Source "ChessBase"]
[SourceDate "2020.03.31"]
[SourceVersion "1"]
[SourceVersionDate "2020.03.31"]
[SourceQuality "1"]

1. d4 Nf6 2. Nf3 d5 3. c4 e6 4. g3 Be7 5. Bg2 0-0 6. 0-0 Nbd7 7. Qc2 Ne4 8. Nc3 Nxc3 9. bxc3 Nb6 10. c5 Nc4 11. Nd2 Nxd2 12. Bxd2 b6 13. cxb6 axb6 14. c4 Ba6 15. cxd5 exd5 16. Rfe1 Bf6 17. Bf4 c5 18. dxc5 Bxa1 19. Rxa1 Rc8 20. c6 Qf6 21. Rc1 Rfe8 22. e4 dxe4 23. Bxe4 g6 24. h4 Qd4 25. Bf3 Bb7 26. cxb7 Rxc2 27. Rxc2 Qd7 28. Kg2 Qf5 29. Re2 Rd8 30. Bc7 Rf8 31. Bxb6 Qd7 32. Ba7 Qb5 33. Rc2 Qa4 34. Rc8 Qxa7 35. Ra8 Qb6 36. a4 Kg7 37. a5 Qc7 38. a6 Rb8 39. Kh2 f5 40. Bd5 Kh6 41. Bf3 Kg7 42. Bd5 Kh6 43. Bf3 f4 44. g4 Kg7 45. g5 h6 46. gxh6+ Kh7 47. Kg2 Qe5 48. a7 Rxb7 49. Bxb7 Kxh6 50. Rb8 Qf5 51. Bf3 1-0

[Event "TUR Cup"]
[Site "Antalya"]
[Date "2020.01.26"]
[Round "1"]
[White "Kecili, Mustafa Firat"]
[Black "Karamanoglu, Orhan"]
[Result "1-0"]
[WhiteElo "1673"]
[BlackElo "1079"]
[PlyCount "95"]
[EventDate "2020.01.26"]
[EventType "swiss"]
[EventRounds "11"]
[EventCountry "TUR"]
[SourceTitle "CBM 194 Extra"]
[Source "ChessBase"]
[SourceDate "2020.03.31"]
[SourceVersion "1"]
[SourceVersionDate "2020.03.31"]
[SourceQuality "1"]

1. b3 e5 2. Bb2 f6 3. e3 Nc6 4. d3 d6 5. Nd2 d5 6. g3 Nh6 7. Bg2 Bg4 8. Bf3 Bxf3 9. Ngxf3 Qd7 10. a3 Bd6 11. Qe2 0-0-0 12. e4 Bc5 13. 0-0-0 Ng4 14. exd5 Qxd5 15. Rhf1 Nxf2 16. Rxf2 Bxf2 17. Qxf2 b6 18. Qe2 Rhe8 19. Qe4 Qxe4 20. Nxe4 Nd4 21. Nxd4 exd4 22. Rf1 Rf8 23. Rf4 f5 24. Ng5 Rfe8 25. Kd2 c5 26. Rxf5 Re7 27. Ne4 Kc7 28. Ke2 Rdd7 29. Bc1 h6 30. Bf4+ Kb7 31. h4 Rf7 32. Rxf7 Rxf7 33. Nd6+ Kc6 34. Nxf7 Kd5 35. h5 Ke6 36. Nxh6 gxh6 37. Bxh6 Kf7 38. g4 Kg8 39. Bf4 Kg7 40. g5 a6 41. Bc7 b5 42. Bb6 b4 43. axb4 cxb4 44. Bxd4+ Kh7 45. Bf6 Kg8 46. g6 Kf8 47. h6 Kg8 48. h7+ 1-0

[Event "TUR Cup"]
[Site "Antalya"]
[Date "2017.01.31"]
[Round "5"]
[White "Hajiyev, Shahin Qabil"]
[Black "Kecili, Mustafa Firat"]
[Result "1/2-1/2"]
[WhiteElo "2021"]
[BlackElo "1818"]
[PlyCount "68"]
[EventDate "2017.01.28"]
[EventType "swiss"]
[EventRounds "11"]
[EventCountry "TUR"]
[SourceTitle "CBM 176 Extra"]
[Source "ChessBase"]
[SourceDate "2017.03.02"]
[SourceVersion "1"]
[SourceVersionDate "2017.03.02"]
[SourceQuality "1"]

1. d4 Nf6 2. c4 g6 3. Nc3 Bg7 4. e4 d6 5. Be2 0-0 6. Bg5 Na6 7. Qd2 e5 8. d5 Nc5 9. Bf3 a5 10. b3 h6 11. Bxh6 Nfxe4 12. Nxe4 Nxe4 13. Bxe4 Qh4 14. Bxg7 Qxe4+ 15. Ne2 Kxg7 16. 0-0 Qh4 17. Qe3 Rh8 18. Qg3 Qxg3 19. hxg3 Bd7 20. f3 Rae8 21. Nc3 f5 22. Kf2 g5 23. Rh1 Rxh1 24. Rxh1 Kg6 25. Ke3 Kg7 26. Kd3 b6 27. Ke3 Kg6 28. Kf2 Kg7 29. Ke3 Kg6 30. Kd2 Kg7 31. Ke3 Kg6 32. a4 Kg7 33. Kf2 Kg6 34. Ke3 Kg7 1/2-1/2

[Event "TUR Cup"]
[Site "Antalya"]
[Date "2017.01.29"]
[Round "3"]
[White "Koc, Aylin"]
[Black "Kecili, Mustafa Firat"]
[Result "0-1"]
[WhiteElo "1460"]
[BlackElo "1818"]
[PlyCount "62"]
[EventDate "2017.01.28"]
[EventType "swiss"]
[EventRounds "11"]
[EventCountry "TUR"]
[SourceTitle "CBM 176 Extra"]
[Source "ChessBase"]
[SourceDate "2017.03.02"]
[SourceVersion "1"]
[SourceVersionDate "2017.03.02"]
[SourceQuality "1"]

1. e4 c5 2. Nf3 e6 3. d4 cxd4 4. Nxd4 Nc6 5. Nc3 Qc7 6. Be3 a6 7. g3 d6 8. Bg2 Bd7 9. 0-0 Be7 10. a3 Nf6 11. Nxc6 Bxc6 12. Kh1 0-0 13. g4 Rfd8 14. g5 Nd7 15. f4 Bf8 16. Rf2 g6 17. Qe2 Bg7 18. Raf1 Bxc3 19. bxc3 Bb5 20. Qe1 Bxf1 21. Bxf1 Rac8 22. c4 Qc6 23. Bd3 d5 24. cxd5 exd5 25. Bd4 Nc5 26. Bxc5 Qxc5 27. e5 Re8 28. Rf3 Qxa3 29. Rh3 Rxc2 30. Bf1 Qc1 31. Qxc1 Rxc1 0-1

[Event "TUR-ch op"]
[Site "Antalya"]
[Date "2008.02.08"]
[Round "8.14"]
[White "Kecili, Mustafa Firat"]
[Black "Ozturk Orenli, Kubra"]
[Result "1-0"]
[WhiteElo "1951"]
[BlackElo "2179"]
[PlyCount "87"]
[EventDate "2008.02.04"]
[EventType "swiss"]
[EventRounds "11"]
[EventCountry "TUR"]
[SourceTitle "CBM 122 Extra"]
[Source "ChessBase"]
[SourceDate "2008.03.04"]
[SourceVersion "1"]
[SourceVersionDate "2008.03.04"]
[SourceQuality "1"]

1. e4 e5 2. Nf3 Nc6 3. Bb5 a6 4. Ba4 Nf6 5. 0-0 b5 6. Bb3 Bc5 7. d3 d6 8. c3 0-0 9. h3 Bb7 10. Bg5 h6 11. Bh4 Bb6 12. Bc2 Qe7 13. Nbd2 Nb8 14. a4 c5 15. Qe2 Nbd7 16. Rfe1 Rfb8 17. Nf1 Nf8 18. Ne3 Bd8 19. Nf5 Qc7 20. d4 Ng6 21. dxe5 dxe5 22. axb5 axb5 23. Rxa8 Bxa8 24. Rd1 b4 25. Qc4 bxc3 26. bxc3 Nxh4 27. N3xh4 Bc6 28. Nd6 Ne8 29. Nhf5 Nxd6 30. Nxd6 Bf6 31. Qxc5 Qb6 32. Qc4 Be8 33. Nxe8 Rxe8 34. Rd7 Be7 35. Bb3 Qf6 36. Rd3 Qg6 37. Qb5 Ra8 38. Qxe5 Qf6 39. Qg3 Ra1+ 40. Kh2 Rf1 41. f3 Qb6 42. Qe5 Bh4 43. Bxf7+ Kxf7 44. Rd7+ 1-0

[Event "TUR-ch op"]
[Site "Antalya"]
[Date "2008.02.08"]
[Round "9.9"]
[White "Yilmaz, Turhan"]
[Black "Kecili, Mustafa Firat"]
[Result "1-0"]
[WhiteElo "2348"]
[BlackElo "1951"]
[PlyCount "65"]
[EventDate "2008.02.04"]
[EventType "swiss"]
[EventRounds "11"]
[EventCountry "TUR"]
[SourceTitle "CBM 122 Extra"]
[Source "ChessBase"]
[SourceDate "2008.03.04"]
[SourceVersion "1"]
[SourceVersionDate "2008.03.04"]
[SourceQuality "1"]

1. e4 c5 2. Nf3 e6 3. d4 cxd4 4. Nxd4 Nf6 5. Nc3 Nc6 6. Ndb5 d6 7. a4 a6 8. Na3 Be7 9. f4 0-0 10. Be2 Qc7 11. Bf3 d5 12. e5 Nd7 13. 0-0 Na5 14. Kh1 Nc4 15. Nxc4 Qxc4 16. a5 Qc7 17. Ne2 b6 18. Nd4 Nc5 19. c4 Ne4 20. cxd5 exd5 21. Be3 bxa5 22. Rc1 Qb7 23. Nc6 Be6 24. Bxe4 dxe4 25. f5 Rfd8 26. Qg4 Bc8 27. Nxe7+ Qxe7 28. Bg5 Qe8 29. Bxd8 Qxd8 30. Qxe4 Rb8 31. Rcd1 Qc7 32. Qc6 Qe7 33. f6 1-0

[Event "TUR-ch op"]
[Site "Antalya"]
[Date "2008.02.05"]
[Round "4.36"]
[White "Ceylan, Metin"]
[Black "Kecili, Mustafa Firat"]
[Result "1-0"]
[WhiteElo "1607"]
[BlackElo "1951"]
[PlyCount "139"]
[EventDate "2008.02.04"]
[EventType "swiss"]
[EventRounds "11"]
[EventCountry "TUR"]
[SourceTitle "CBM 122 Extra"]
[Source "ChessBase"]
[SourceDate "2008.03.04"]
[SourceVersion "1"]
[SourceVersionDate "2008.03.04"]
[SourceQuality "1"]

1. e4 c5 2. Nf3 d6 3. d4 cxd4 4. Nxd4 Nf6 5. Nc3 a6 6. Bc4 e6 7. Be3 Be7 8. Qe2 Qc7 9. 0-0-0 Nc6 10. f3 Na5 11. Bd3 Bd7 12. g4 b5 13. g5 Nh5 14. f4 g6 15. f5 b4 16. fxe6 fxe6 17. Nb1 0-0 18. Rhf1 Rab8 19. Nd2 e5 20. N4b3 Nxb3+ 21. axb3 a5 22. Bc4+ Kh8 23. Rxf8+ Rxf8 24. Rf1 Qd8 25. h4 a4 26. bxa4 Bxa4 27. Bd5 Qc8 28. Rxf8+ Qxf8 29. Qa6 Bd7 30. Qb7 Bg4 31. Qxb4 Nf4 32. Bxf4 exf4 33. Qd4+ Qg7 34. Qxg7+ Kxg7 35. b4 f3 36. Nf1 h6 37. gxh6+ Kxh6 38. Nh2 Kh5 39. b5 Bd8 40. e5 f2 41. exd6 Be2 42. c4 Bb6 43. Kd2 f1Q 44. Nxf1 Bxf1 45. Kc3 Kxh4 46. Kb4 Be3 47. d7 Bb6 48. c5 Bd8 49. b6 Ba6 50. b7 Bxb7 51. Bxb7 g5 52. Bh1 g4 53. c6 Kh3 54. Kc5 Bc7 55. Kd5 g3 56. Ke6 Bd8 57. Kd6 Kh2 58. Bd5 g2 59. Bxg2 Kxg2 60. c7 Bxc7+ 61. Kxc7 Kf3 62. d8Q Ke4 63. Qe7+ Kd5 64. Qd6+ Ke4 65. Kc6 Kf5 66. Kd5 Kg5 67. Ke4 Kg4 68. Qg6+ Kh3 69. Kf3 Kh4 70. Qg4# 1-0

[Event "TUR-ch op"]
[Site "Antalya"]
[Date "2008.02.04"]
[Round "1.53"]
[White "Kecili, Mustafa Firat"]
[Black "Guler, Eren Can"]
[Result "1-0"]
[WhiteElo "1951"]
[BlackElo "1532"]
[PlyCount "65"]
[EventDate "2008.02.04"]
[EventType "swiss"]
[EventRounds "11"]
[EventCountry "TUR"]
[SourceTitle "CBM 122 Extra"]
[Source "ChessBase"]
[SourceDate "2008.03.04"]
[SourceVersion "1"]
[SourceVersionDate "2008.03.04"]
[SourceQuality "1"]

1. c4 Nf6 2. Nc3 e6 3. e4 Bb4 4. e5 Ng8 5. Qg4 g6 6. d4 d5 7. a3 Be7 8. Be3 Nc6 9. Rd1 h5 10. Qf3 dxc4 11. Bxc4 Nh6 12. Bxh6 Rxh6 13. Nge2 Bd7 14. 0-0 f6 15. Qe3 g5 16. exf6 Bxf6 17. d5 Ne5 18. dxe6 Nxc4 19. exd7+ Kf7 20. Qc5 Nb6 21. Qf5 Kg7 22. Rfe1 Rg6 23. Nd4 Bxd4 24. Rxd4 Qg8 25. Qe5+ Kh6 26. Qxc7 Rd8 27. Qxb7 Rg7 28. Qxa7 Nxd7 29. Rd6+ Kh7 30. Qd4 Re8 31. Qd3+ Kh8 32. Rh6+ Rh7 33. Rxh7+ 1-0